| 000 | 00762nam a2200193 a 4500 | ||
|---|---|---|---|
| 008 | 071128s2002 ||||||||||||||||| || u | ||
| 020 | _a0821348396 | ||
| 050 | _aHG 195 Car | ||
| 100 | _aCarmichael, Jeffrey | ||
| 245 | 1 | 4 | _aThe development and regulation of non-bank financial institutions |
| 260 |
_aWashington, D. C. _bWorld Bank _c2002 |
||
| 300 | _axv, 230p. :ill. | ||
| 350 | _a0.00 | ||
| 650 | _aFINANCIAL INSTITUTIONS--DEVELOPING COUNTRIES | ||
| 650 | _aSECURITIES--DEVELOPING COUNTRIES | ||
| 650 | _aINSURANCE COMPANIES--DEVELOPING COUNTRIES | ||
| 700 | _aPomerleano, Michael | ||
| 995 |
_D0.00 _FCBU-MAIN LIBRARY (Kitwe) _H1 _I0.00 _M1 _UAVAILABLE _WNov 28, 2007 _ZMain Library Open Access Collection |
||
| 999 |
_c39950 _d39950 |
||